| 000 | 00666cab a2200193 4500 | ||
|---|---|---|---|
| 001 | ABS41909 | ||
| 008 | 090401t1989 xxu||||| |||| 00| 0 eng d | ||
| 035 | _a(Sirsi) u33413 | ||
| 041 | _aeng | ||
| 100 | _aTyler, G. | ||
| 245 | 2 | _aA farewell to farms? | |
| 260 | _c1989 | ||
| 350 | _a0 | ||
| 490 |
_aProperty Director _v(15) Winter 1989 55-57(3) |
||
| 520 | _aConsiders the implications of the drive towards farm diversification and questions whether grants and tax incentives for development and change of use will solve the problems arising from intensive farming and superfluous acreage. | ||
| 690 | _aRURAL PRACTICE | ||
| 942 | _n0 | ||
| 948 | _c04/03/1997 | ||
| 999 |
_c22324 _d22324 |
||